• 首页
  • 本馆介绍
  • 公告通知
  • 最新文献
  • 馆藏检索
  • 电子资源
  • 读者导购
  • 参考咨询
  • 我的图书馆
  • 登录
  • 详细信息显示
  • 放入我的书架
  • 预约/预借图书
  • 作者相关作品
  • 分类相关作品
  • 丛书相关作品
  • 出版社相关作品

书目信息

  • 表格格式
  • 工作单格式
  • 卡片格式
题名:
中兴通讯
    
 
作者: 米周 , 尹生 著
分册:  
出版信息: 北京   当代中国出版社  2005
页数: 282页
开本: 24cm
丛书名: 同道书系
单 册:
中图分类: F626.11
科图分类:
主题词: 移动通信--邮电企业--概况--深圳市 , 电信--邮电经济
电子资源:
ISBN: 7-80170-366-9
000 01103nam0 2200289 450
001 TS2006047125
005 20070119101317.87
010    @a7-80170-366-9@dCNY35.00
100    @a20060829d2005 em y0chiy0110 ea
101 0  @achi
102    @aCN@b110000
105    @ay z 000yy
200 1  @a中兴通讯@AZhong Xing Tong Xun@e全面分散企业风险的中庸之道@EQuan Mian Fen San Qi Ye Feng Xian De Zhong Yong Zhi Dao@f米周,尹生著@FMi Zhou, Yin Sheng Zhu
210    @a北京@c当代中国出版社@d2005
215    @a282页@d24cm
225 2  @a同道书系
330    @a中兴是家位于深圳的通信企业,本书是一部描写中兴——通信设备制造业巨头与跨国巨头征战史的缩影,是一本关注中国顶尖企业命运的书。披露了顶尖企业竞争的内幕。
410  0 @12001 @a同道书系
517 1  @a全面分散企业风险的中庸之道@AQuan Mian Fen San Qi Ye Feng Xian De Zhong Yong Zhi Dao
606 0  @a移动通信@x邮电企业@x概况@y深圳市
606 0  @a电信@x邮电经济
610 0  @a中兴通讯股份有限公司
690    @aF626.11@v4
701  0 @a米周@AMi Zhou@4著
701  0 @a尹生@AYin Sheng@4著
801  0 @aCN@b中图数据@c20070119
905    @a10447@dF626.11@e2
    
    中兴通讯:全面分散企业风险的中庸之道/米周,尹生著.-北京:当代中国出版社,2005
    282页;24cm.-(同道书系)
    
    
    ISBN 7-80170-366-9:CNY35.00
    中兴是家位于深圳的通信企业,本书是一部描写中兴——通信设备制造业巨头与跨国巨头征战史的缩影,是一本关注中国顶尖企业命运的书。披露了顶尖企业竞争的内幕。
●
相关链接 在E读中查询图书 在五车中查询图书 在当当中查询图书 在豆瓣中查询图书


正题名:中兴通讯     索取号:F626.11/2         预约/预借

序号 登录号 条形码 馆藏地/架位号 状态 备注
1 0617723   206177233   第一样本阅览室/ [索取号:F626.11/2] 在馆    
2 0617724   206177242   第一借阅区/ [索取号:F626.11/2] 在馆    
3 0617734   206177340   第一借阅区/ [索取号:F626.11/2] 在馆    
唐山师范学院图书馆 欢迎您!
大连网信软件有限公司© 版权所有